Statistiques concernant Culture Générale - Série 426

Cliquez ici pour prendre le quiz!

Statistiques générales

  • Ce quiz a été pris 364 fois
  • Le résultat moyen est 8 sur 10

Statistiques - réponses

QuestionRéponse% Correct
Qu'est-ce qui peut être "d'amour", "de reinette" ou "d'Adam" ?Une pomme
99%
Qu'est-ce qui peut être à bec, de Pan ou traversière ?La flûte
98%
Combien y a-t-il de consonnes dans l'alphabet français ?20
91%
Quel animal fait le succès du dessinateur Philippe Geluck depuis plus de vingt ans ?Le chat
89%
Quel organe sensoriel se dit "esgourde" en argot ?L'oreille
88%
Quel homme politique est surnommé VGE ?Valéry Giscard d'Estaing
83%
Quel mot féminin désigne à la fois un vêtement, la couleur d'un vin et le pelage d'un cheval ?La robe
81%
Quel ex-mannequin a sorti l'album "Quelqu'un m'a dit" en 2002 ?Carla Bruni
77%
Dans quel film musical de 1962 les Jets affrontent-ils les Sharks ?West Side Story
54%
Que vendit Faust à Méphistophélès dans la légende qui inspira Goethe, Murnau et Berlioz ?Son âme
53%

Distribution des résultats

Percentile par nombre de réponses

% des personnes avec chaque résultat

Votre développement - résultats

Vous n’avez pas pris ce quiz